Maîtres de Midi par images - Statistiques

Statistiques générales
  • Ce quiz a été pris 74 fois
  • Le résultat moyen est 6 sur 14
Statistiques - réponses
Par images Réponse % Correct
Émilien
100%
Paul
85%
Xavier
75%
Bruno
62%
Éric
51%
Céline
48%
Timothée
43%
Romain
28%
Véronique
25%
Léo
23%
Benoît
20%
Cyrille
18%
Damien
11%
Sylvain
8%
Aucun quiz correspondant
Distribution des résultats
% des personnes avec chaque résultat
Percentile par nombre de réponses
Votre historique - résultats
Vous n’avez pas pris ce quiz